| 000 | 00768nam a2200253 i 4500 | ||
|---|---|---|---|
| 001 | bg | ||
| 100 | 1 | _aKopkowicz, Maciej. | |
| 245 | 1 | 0 |
_aWytrzymałość materiałów : _blaboratorium / _cMaciej Kopkowicz. |
| 260 |
_aRzeszów : _bOficyna Wydawnicza Politechniki Rzeszowskiej, _c2006. |
||
| 300 |
_a122, [1] s. : _bil. ; _c24 cm. |
||
| 504 | _aBibliogr. s. [123]. | ||
| 650 | 9 | _aWytrzymałość materiałów | |
| 655 | _aPodręczniki akademickie | ||
| 015 | _aPB 16953/2007 | ||
| 020 | _a9788371994197 | ||
| 040 | _cBPK | ||
| 041 | _apol | ||
| 044 | _aPOL | ||
| 080 | _a620.17(075.8) | ||
| 920 | _a978-83-7199-419-7 | ||
| 942 | _cKS | ||
| 008 | 070717s2006 pl a f f |000 0 pol | ||
| 999 |
_c54382 _d54382 |
||
| 856 |
_uhttp://koha.tu.koszalin.pl/cgi-bin/koha/opac-detail.pl?biblionumber=54382 _yKatalog online BPK |
||